Statistiques concernant Littérature commençant par la lettre E

Cliquez ici pour prendre le quiz!

Statistiques générales

  • Ce quiz a été pris 1 229 fois
  • Le résultat moyen est 8 sur 20

Statistiques - réponses

IndicesRéponses% Correct
Quasimodo en est amoureuxEsmeralda
90%
Épée légendaire qui permit au roi Arthur d'accéder au trôneExcalibur
88%
Dieu des ventsÉole
78%
Endroit ou Orphée alla chercher cette dernièreEnfers
76%
Petite créature de la mythologie nordique, il apparaissent également dans Le Seigneur des anneaux par exempleElfe
67%
Elle se souviendra qu'il ne faut jamais écouter les serpentsÈve
64%
Prince troyen fils d'Anchise et d'Aphrodite, il est l'ancêtre légendaire de RomeEnée
55%
Épouse d'OrphéeEurydice
55%
Pilier du surréalisme, un de ses pseudonymes était Didier DesrochesPaul Eluard
32%
Si on en croit un jeune prince, c'est invisible pour les yeuxL'essentiel
31%
Elle est représentée sur les pièces grecques de deux euros lors de son enlèvementEurope
28%
Frère de Prométhée, il créa les animauxÉpiméthée
27%
Pierre Bottero conte sa quête dans une trilogieEwilan
19%
Prénom du personnage qui inspira Picsou, Scrooge en anglaisEbenezer
15%
Aînée de la famille Thénardier, elle a le même âge que CosetteÉponine
14%
Philosophe grec de l'école stoïcienne, il n'écrivit jamais lui-même en laissant cette tâche à ArrienÉpictète
11%
Pseudonyme des trois romancières auteures de La Guerre des clansErin Hunter
10%
Personnage principal de cette série qui devient chef du clan du TonnerreEtoile de Feu
10%
Série de romans jeunesse de J.-P. Arrou-Vignod mettant en scène Rémi, Mathilde et P.-P. Cul-VertEnquête au collège
6%
Sœur de Poil de CarotteErnestine
6%

Distribution des résultats

Percentile par nombre de réponses

% des personnes avec chaque résultat

Votre développement - résultats

Vous n’avez pas pris ce quiz